[Event "FRA-chT Top 16 GpB"]
[Site "Chartres"]
[Date "2023.06.06"]
[Round "6.24"]
[White "Hisler, Thomas"]
[Black "Guichard, Pauline"]
[Result "1/2-1/2"]
[WhiteElo "2178"]
[BlackElo "2384"]
[PlyCount "126"]
[EventDate "2023.06.01"]
[EventType "team-tourn"]
[EventRounds "7"]
[EventCountry "FRA"]
[SourceTitle "CBM 214 Extra"]
[Source "ChessBase"]
[SourceDate "2023.07.31"]
[SourceVersion "1"]
[SourceVersionDate "2023.07.31"]
[SourceQuality "1"]
[WhiteTeam "Metz Fischer"]
[BlackTeam "Asnieres"]
[WhiteTeamCountry "FRA"]
[BlackTeamCountry "FRA"]

1. e4 e5 2. Nf3 Nc6 3. Bb5 g6 4. d4 exd4 5. c3 a6 6. Bxc6 dxc6 7. cxd4 Bg7 8. h3 Ne7 9. 0-0 Qd6 10. Nc3 h6 11. Re1 g5 12. e5 Qg6 13. Ne4 0-0 14. Qb3 a5 15. Bd2 Nd5 16. Rac1 a4 17. Qa3 Rd8 18. Nh2 Bf5 19. Qf3 Ra6 20. Nc5 Ra7 21. g4 Bc8 22. Nf1 Ne7 23. Bc3 b6 24. Ne4 Be6 25. a3 Raa8 26. Nfg3 Kh8 27. Nh5 Rd7 28. Nef6 Bxf6 29. Nxf6 Rdd8 30. Bb4 Bd5 31. Qc3 Ng8 32. Nxd5 cxd5 33. Qxc7 Rac8 34. Qb7 Rxc1 35. Rxc1 h5 36. Qc7 Re8 37. Qc6 Re6 38. Qxd5 Qd3 39. Rc3 Qd1+ 40. Kg2 hxg4 41. Rg3 gxh3+ 42. Rxh3+ Nh6 43. Qa8+ Kh7 44. Qe4+ Kg8 45. Qa8+ Kh7 46. Qe4+ Kg8 47. Bc3 g4 48. Rd3 Qb1 49. d5 Rg6 50. Rd4 Qc1 51. Qf4 Qc2 52. Rd2 Qb1 53. d6 Nf5 54. Qh2 Qe4+ 55. Kf1 Qb1+ 56. Ke2 Qe4+ 57. Kd1 Qb1+ 58. Ke2 Qe4+ 59. Kd1 Rh6 60. Qxh6 Nxh6 61. d7 Qb1+ 62. Ke2 Qe4+ 63. Kd1 Qb1+ 1/2-1/2

[Event "FRA-chT Top 12"]
[Site "Belfort"]
[Date "2012.06.05"]
[Round "6.6"]
[White "Hisler, Thomas"]
[Black "Maze, Sebastien"]
[Result "0-1"]
[WhiteElo "2247"]
[BlackElo "2594"]
[PlyCount "52"]
[EventDate "2012.05.31"]
[EventType "team-tourn"]
[EventRounds "11"]
[EventCountry "FRA"]
[SourceTitle "CBM 148 Extra"]
[Source "ChessBase"]
[SourceDate "2012.06.22"]
[SourceVersion "1"]
[SourceVersionDate "2012.06.22"]
[SourceQuality "1"]
[WhiteTeam "Metz Fischer"]
[BlackTeam "Marseille Echecs"]
[WhiteTeamCountry "FRA"]
[BlackTeamCountry "FRA"]

1. e4 c5 2. Nc3 Nc6 3. g3 g6 4. Bg2 Bg7 5. d3 d6 6. Be3 Rb8 7. Qd2 b5 8. Nge2 b4 9. Nd1 e5 10. c3 Nge7 11. 0-0 0-0 12. f4 bxc3 13. bxc3 exf4 14. Bxf4 Ba6 15. Ne3 Ne5 16. c4 Rb2 17. Qd1 Qa5 18. Nc1 Qa3 19. Bg5 Re8 20. Kh1 h6 21. Bf6 N7c6 22. Nd5 Reb8 23. Nc7 Qa5 24. Nd5 Rd2 25. Qe1 Rbb2 26. Rg1 Rxg2 0-1

[Event "Metz op 28th"]
[Site "Metz"]
[Date "2010.04.13"]
[Round "1"]
[White "Zinchenko, Yaroslav"]
[Black "Hisler, Thomas"]
[Result "1-0"]
[WhiteElo "2546"]
[BlackElo "2240"]
[PlyCount "55"]
[EventDate "2010.04.10"]
[EventType "swiss"]
[EventRounds "9"]
[EventCountry "FRA"]
[SourceTitle "CBM 136 Extra"]
[Source "ChessBase"]
[SourceDate "2010.07.02"]
[SourceVersion "2"]
[SourceVersionDate "2010.07.15"]
[SourceQuality "1"]

1. e4 e5 2. Nf3 Nc6 3. Bb5 f5 4. Nc3 fxe4 5. Nxe4 d5 6. Nxe5 dxe4 7. Nxc6 Qg5 8. Qe2 Nf6 9. f4 Qh4+ 10. g3 Qh3 11. Ne5+ c6 12. Bc4 Bc5 13. d3 Ng4 14. d4 Nxe5 15. fxe5 Bxd4 16. e6 Rf8 17. Qxe4 Bf2+ 18. Ke2 Rf6 19. Bf4 Bc5 20. Rae1 Bxe6 21. Kd1 0-0-0+ 22. Kc1 Bf5 23. Qf3 Rff8 24. Rd1 Bd7 25. Qc3 Qg4 26. Qe5 Rxf4 27. gxf4 Bb6 28. Rxd7 1-0

[Event "FRA-chT Top 16 Gp Basse"]
[Site "Le Port Marly"]
[Date "2009.05.28"]
[Round "8"]
[White "Carpentier, Pierre"]
[Black "Hisler, Thomas"]
[Result "1/2-1/2"]
[WhiteElo "2235"]
[BlackElo "2232"]
[PlyCount "92"]
[EventDate "2009.05.28"]
[EventType "team-tourn"]
[EventRounds "11"]
[EventCountry "FRA"]
[SourceTitle "CBM 130 Extra"]
[Source "ChessBase"]
[SourceDate "2009.07.02"]
[SourceVersion "2"]
[SourceVersionDate "2009.07.15"]
[SourceQuality "1"]

1. e4 e5 2. Nc3 Bc5 3. Bc4 d6 4. d3 c6 5. f4 b5 6. Bb3 Nf6 7. Nf3 Qe7 8. fxe5 dxe5 9. Bg5 h6 10. Bh4 Nbd7 11. Qe2 Bb7 12. a4 a6 13. axb5 axb5 14. Rxa8+ Bxa8 15. Nd1 Qd8 16. Bf2 Qb6 17. 0-0 0-0 18. Ne3 Bb7 19. Nh4 Kh7 20. h3 g6 21. Qf3 Bc8 22. g4 b4 23. Nc4 Bxf2+ 24. Qxf2 Qxf2+ 25. Kxf2 Kg7 26. Nf3 h5 27. g5 Nh7 28. Ncxe5 Nxe5 29. Nxe5 Bxh3 30. Rh1 Be6 31. Bxe6 fxe6+ 32. Ke3 Nxg5 33. Nxc6 b3 34. cxb3 Rf3+ 35. Ke2 Rg3 36. Rh2 Rg1 37. Nd4 Rc1 38. Ke3 e5 39. Nf3 Nxf3 40. Kxf3 Rc5 41. b4 Rb5 42. Rc2 Rxb4 43. Rc5 Rb3 44. Rxe5 Rxd3+ 45. Kf4 Rb3 46. Kg5 Rg3+ 1/2-1/2

[Event "FRA-chT Top 16 GpB"]
[Site "France"]
[Date "2009.03.20"]
[Round "1"]
[White "Belkhodja, Slim"]
[Black "Hisler, Thomas"]
[Result "1-0"]
[WhiteElo "2469"]
[BlackElo "2238"]
[PlyCount "59"]
[EventDate "2009.03.20"]
[EventType "team"]
[EventRounds "7"]
[EventCountry "FRA"]
[SourceTitle "CBM 129 Extra"]
[Source "ChessBase"]
[SourceDate "2009.05.05"]
[SourceVersion "2"]
[SourceVersionDate "2009.05.20"]
[SourceQuality "1"]

1. e4 e5 2. Bc4 Nc6 3. Nc3 Bc5 4. d3 Nf6 5. f4 d6 6. Nf3 a6 7. f5 h6 8. Qe2 0-0 9. Nd5 Nxd5 10. Bxd5 Nd4 11. Nxd4 Bxd4 12. c3 Ba7 13. Be3 c6 14. Bb3 d5 15. Bxa7 Rxa7 16. 0-0 d4 17. Qf2 Kh7 18. cxd4 Qxd4 19. Qxd4 exd4 20. Rac1 f6 21. g4 Rd8 22. h4 g6 23. fxg6+ Kxg6 24. Rf4 Rd6 25. h5+ Kg5 26. Rcf1 Bxg4 27. Rxg4+ Kxg4 28. Bd1+ Kg3 29. Rf3+ Kh4 30. Kh2 1-0

[Event "FRA-chT2 East 0809"]
[Site "France"]
[Date "2008.10.19"]
[Round "1.3"]
[White "Hisler, Thomas"]
[Black "Staub, Ludovic"]
[Result "1-0"]
[WhiteElo "2239"]
[BlackElo "2157"]
[PlyCount "91"]
[EventDate "2008.10.19"]
[EventType "team-tourn"]
[EventRounds "11"]
[EventCountry "FRA"]
[SourceTitle "EXT 2010"]
[Source "ChessBase"]
[SourceDate "2010.11.25"]
[SourceVersion "1"]
[SourceVersionDate "2010.11.25"]
[SourceQuality "1"]
[WhiteTeam "Metz Fischer II"]
[BlackTeam "Mulhouse IV"]
[WhiteTeamCountry "FRA"]
[BlackTeamCountry "FRA"]

1. e4 c6 2. c4 d5 3. cxd5 cxd5 4. exd5 Qxd5 5. Nc3 Qd6 6. d4 e6 7. Nf3 Nf6 8. Bc4 Be7 9. 0-0 0-0 10. Qe2 Bd7 11. Rd1 Bc6 12. Bb3 Nbd7 13. a3 Nb6 14. Ne5 Nbd5 15. Rd3 Rac8 16. Bd2 Rfd8 17. Rg3 Nxc3 18. bxc3 Ne4 19. Rxg7+ Kxg7 20. Qg4+ Ng5 21. Bxg5 Bxg5 22. Qxg5+ Kf8 23. Re1 Re8 24. Qh6+ Ke7 25. Qxh7 Kf8 26. Qh6+ Ke7 27. Qh7 Qxa3 28. Qxf7+ Kd8 29. Bxe6 Rc7 30. Qf5 Qxc3 31. Rd1 Rce7 32. d5 Ba4 33. Nf7+ Kc7 34. Qf4+ Kb6 35. Qd6+ Ka5 36. Rf1 Qc7 37. Qa3 Rxf7 38. d6 Qc2 39. Bxf7 Rd8 40. h3 b5 41. Rc1 Qd2 42. Qc5 Qxd6 43. Qxa7+ Kb4 44. Rb1+ Kc3 45. Qe3+ Qd3 46. Qc5+ 1-0

[Event "FRA-chT2 East 0708"]
[Site "France"]
[Date "2008.03.15"]
[Round "8.3"]
[White "Prost, Frederic"]
[Black "Hisler, Thomas"]
[Result "0-1"]
[WhiteElo "2107"]
[BlackElo "2251"]
[PlyCount "84"]
[EventDate "2007.10.21"]
[EventType "team"]
[EventRounds "11"]
[EventCountry "FRA"]
[SourceTitle "EXT 2009"]
[Source "ChessBase"]
[SourceDate "2008.11.26"]
[SourceVersion "1"]
[SourceVersionDate "2008.11.26"]
[SourceQuality "1"]
[WhiteTeam "Grenoble"]
[BlackTeam "Metz Fischer II"]
[WhiteTeamCountry "FRA"]
[BlackTeamCountry "FRA"]

1. e4 e5 2. Nf3 Nc6 3. d4 exd4 4. Nxd4 Nf6 5. Nxc6 bxc6 6. e5 Qe7 7. Qe2 Nd5 8. c4 Nb6 9. b3 a5 10. Ba3 Qe6 11. Bxf8 Kxf8 12. a3 a4 13. Nd2 Ba6 14. Qe4 f5 15. Qe3 axb3 16. f4 d6 17. c5 b2 18. Rb1 Nd5 19. Qb3 Bxf1 20. Rxf1 dxe5 21. Rf2 exf4+ 22. Re2 Qf6 23. Qb7 Kf7 24. Rxb2 Rxa3 25. Nf3 Re3 26. Rxe3 fxe3 27. Qxc6 Qxc6 28. Ne5+ Kf6 29. Nxc6 f4 30. Nb4 Nxb4 31. Rxb4 Ke5 32. Ke2 Rd8 33. Kf3 Rd5 34. Rb7 Rd2 35. Rxc7 Rf2+ 36. Kg4 Rxg2+ 37. Kh3 Rc2 38. Rxg7 Kf6 39. Rg1 Rxc5 40. Re1 Rc2 41. Kg4 Ke5 42. h4 Ke4 0-1

[Event "EU-Cup 22nd"]
[Site "Fuegen"]
[Date "2006.10.10"]
[Round "3.5"]
[White "Hisler, Thomas"]
[Black "Gunnarsson, Jon Viktor"]
[Result "0-1"]
[WhiteElo "2237"]
[BlackElo "2414"]
[PlyCount "58"]
[EventDate "2006.10.08"]
[EventType "team-swiss"]
[EventRounds "7"]
[EventCountry "AUT"]
[SourceTitle "CBM 115"]
[Source "ChessBase"]
[SourceDate "2006.11.15"]
[SourceVersion "1"]
[SourceVersionDate "2006.11.15"]
[SourceQuality "1"]
[WhiteTeam "Dudelange"]
[BlackTeam "Reykjavik CC"]
[WhiteTeamCountry "LUX"]
[BlackTeamCountry "ISL"]

1. e4 c5 2. Nc3 g6 3. g3 Bg7 4. Bg2 Nc6 5. d3 d6 6. Be3 Rb8 7. Nge2 Nd4 8. 0-0 e6 9. Qd2 Ne7 10. Bh6 0-0 11. Bxg7 Kxg7 12. Nxd4 cxd4 13. Ne2 Qb6 14. c3 dxc3 15. Qxc3+ e5 16. d4 Nc6 17. d5 Nb4 18. a3 Na6 19. b4 Bg4 20. Nc1 Rbc8 21. Qd2 Nc7 22. Nb3 Nb5 23. h3 Bd7 24. Rfb1 Rc7 25. Bf1 Rfc8 26. Rc1 Rc3 27. Bxb5 Rxg3+ 28. Kh2 Rxh3+ 29. Kg1 Qxb5 0-1

[Event "Nancy-B"]
[Site "Nancy"]
[Date "2006.02.25"]
[Round "8"]
[White "Hisler, Thomas"]
[Black "Koch, Hans Juergen"]
[Result "0-1"]
[WhiteElo "2216"]
[BlackElo "2235"]
[PlyCount "64"]
[EventDate "2006.02.20"]
[EventType "tourn"]
[EventRounds "9"]
[EventCountry "FRA"]
[SourceTitle "CBM 110 Extra"]
[Source "ChessBase"]
[SourceDate "2006.03.10"]
[SourceVersion "2"]
[SourceVersionDate "2006.03.10"]
[SourceQuality "1"]

1. e4 c5 2. Nc3 Nc6 3. g3 g6 4. Bg2 Bg7 5. d3 d6 6. f4 e5 7. Nh3 h5 8. 0-0 Bg4 9. Qd2 Qd7 10. Ng5 f6 11. Nf3 Nge7 12. Qf2 Nd4 13. Nh4 Be6 14. Nxg6 Nxg6 15. f5 Bxf5 16. exf5 Ne7 17. Ne4 0-0-0 18. c3 Ndc6 19. b4 cxb4 20. cxb4 Kb8 21. b5 Nd4 22. Be3 d5 23. Nc5 Qd6 24. Bxd4 exd4 25. Qxd4 Rc8 26. Nb3 h4 27. gxh4 Bh6 28. Rae1 Rc2 29. Nc1 Rg8 30. Ne2 Bd2 31. Rb1 Bc3 32. Qxc3 Rxc3 0-1

[Event "Nancy-B"]
[Site "Nancy"]
[Date "2006.02.24"]
[Round "7"]
[White "Forthofer, Robert"]
[Black "Hisler, Thomas"]
[Result "1-0"]
[WhiteElo "2208"]
[BlackElo "2216"]
[PlyCount "47"]
[EventDate "2006.02.20"]
[EventType "tourn"]
[EventRounds "9"]
[EventCountry "FRA"]
[SourceTitle "CBM 110 Extra"]
[Source "ChessBase"]
[SourceDate "2006.03.10"]
[SourceVersion "2"]
[SourceVersionDate "2006.03.10"]
[SourceQuality "1"]

1. e4 e5 2. f4 Bc5 3. Nc3 d6 4. fxe5 dxe5 5. Qh5 Bd4 6. Bc4 Qd7 7. Nf3 Nf6 8. Qh4 0-0 9. d3 Ng4 10. Rf1 Nc6 11. Nd5 Qd6 12. h3 Bf2+ 13. Rxf2 Nxf2 14. Qxf2 Na5 15. Bd2 b6 16. Bb4 c5 17. Bxa5 bxa5 18. Qg3 Re8 19. a4 Rb8 20. b3 Kh8 21. 0-0-0 f6 22. Rf1 Rf8 23. Nh4 Rb7 24. Ng6+ 1-0

[Event "Nancy-B"]
[Site "Nancy"]
[Date "2006.02.21"]
[Round "2"]
[White "Hisler, Thomas"]
[Black "Colson, Arnaud"]
[Result "1-0"]
[WhiteElo "2216"]
[BlackElo "2212"]
[PlyCount "81"]
[EventDate "2006.02.20"]
[EventType "tourn"]
[EventRounds "9"]
[EventCountry "FRA"]
[SourceTitle "CBM 110 Extra"]
[Source "ChessBase"]
[SourceDate "2006.03.10"]
[SourceVersion "2"]
[SourceVersionDate "2006.03.10"]
[SourceQuality "1"]

1. f4 d5 2. Nf3 g6 3. e3 Bg7 4. Be2 c5 5. 0-0 Nc6 6. d3 Nf6 7. a4 0-0 8. Qe1 Qd6 9. Qg3 Re8 10. Ne5 Nd7 11. Nxc6 bxc6 12. Nc3 e5 13. e4 d4 14. Nb1 exf4 15. Bxf4 Be5 16. Nd2 Bxf4 17. Rxf4 Ne5 18. Raf1 Qe7 19. h4 Kg7 20. h5 Be6 21. b3 Rg8 22. R1f2 Kf8 23. Qh2 g5 24. Rf6 Nd7 25. e5 Nxf6 26. exf6 Qd7 27. Ne4 Rd8 28. Qe5 Qd5 29. Qc7 Rd7 30. Qb8+ Rd8 31. Qc7 Rd7 32. Qb8+ Rd8 33. Qxa7 Rd7 34. Qb6 g4 35. Nxc5 Rd8 36. Qc7 Re8 37. Ne4 g3 38. Nxg3 Bg4 39. Qf4 Re3 40. Ne4 Qd7 41. Qb8+ 1-0

[Event "BEL-chT 0506"]
[Site "Belgium"]
[Date "2006.02.19"]
[Round "9"]
[White "Hisler, Thomas"]
[Black "Horvath, Csaba"]
[Result "1-0"]
[WhiteElo "2216"]
[BlackElo "2545"]
[PlyCount "88"]
[EventDate "2005.10.09"]
[EventType "team-tourn"]
[EventRounds "11"]
[EventCountry "BEL"]
[SourceTitle "EXT 2007"]
[Source "ChessBase"]
[SourceDate "2006.11.23"]
[SourceVersion "1"]
[SourceVersionDate "2006.11.23"]
[SourceQuality "1"]
[WhiteTeam "Liege Crelel"]
[BlackTeam "KSK47 Eynatten"]
[WhiteTeamCountry "BEL"]
[BlackTeamCountry "BEL"]

1. e4 c5 2. Nc3 a6 3. g3 b5 4. Bg2 Bb7 5. d3 d6 6. f4 g6 7. Nf3 Bg7 8. 0-0 Nc6 9. Be3 b4 10. Na4 Nf6 11. h3 0-0 12. g4 Nd7 13. c3 bxc3 14. bxc3 Na7 15. Qc2 Qa5 16. Rfc1 Nb5 17. Bd2 c4 18. dxc4 Na3 19. Qb3 Nc5 20. Qxa3 Qxa4 21. Qxa4 Nxa4 22. Nd4 Rac8 23. Rab1 Ba8 24. Nc2 Bxc3 25. Be1 Bb2 26. Rd1 Rxc4 27. Ne3 Bd4 28. Kf2 Nc5 29. Ke2 Bxe3 30. Kxe3 Bxe4 31. Bf1 Ra4 32. Rb2 Ra3+ 33. Kd4 Bf3 34. Rdb1 Rc8 35. Bc4 Nd7 36. Bb3 a5 37. f5 Kg7 38. Bc3 Ne5 39. Rf2 a4 40. Bb2 axb3 41. Bxa3 Rc4+ 42. Ke3 Rc3+ 43. Kf4 bxa2 44. Rxa2 Bd5 1-0

[Event "FRA-chT N1"]
[Site "France"]
[Date "2005.05.07"]
[Round "10.8"]
[White "Hisler, Thomas"]
[Black "Leroy, Christophe"]
[Result "0-1"]
[WhiteElo "2198"]
[BlackElo "2144"]
[PlyCount "58"]
[EventDate "2005.05.05"]
[EventType "team"]
[EventRounds "11"]
[EventCountry "FRA"]
[SourceTitle "EXT 2006"]
[Source "ChessBase"]
[SourceDate "2005.11.24"]
[SourceVersion "1"]
[SourceVersionDate "2005.11.24"]
[SourceQuality "1"]

1. e4 e5 2. Bc4 Nf6 3. d3 Nc6 4. Nc3 Be7 5. f4 d6 6. Nf3 0-0 7. 0-0 Bg4 8. h3 Bxf3 9. Qxf3 exf4 10. Bxf4 Ne5 11. Bxe5 dxe5 12. Ne2 b5 13. Bb3 c5 14. c3 c4 15. dxc4 bxc4 16. Bxc4 Qb6+ 17. Kh1 Qxb2 18. Ng3 Rac8 19. Rab1 Qa3 20. Bb3 g6 21. Ne2 a5 22. g4 a4 23. g5 Nh5 24. Bxf7+ Kh8 25. Qg4 Nf4 26. Nxf4 exf4 27. Rxf4 Qxc3 28. Rf3 Bxg5 29. Qxg5 Qxf3+ 0-1

[Event "FRA-chT N1"]
[Site "France"]
[Date "2005.05.05"]
[Round "8.7"]
[White "Brunelliere, Pierre"]
[Black "Hisler, Thomas"]
[Result "1-0"]
[WhiteElo "2344"]
[BlackElo "2198"]
[PlyCount "87"]
[EventDate "2005.05.05"]
[EventType "team"]
[EventRounds "11"]
[EventCountry "FRA"]
[SourceTitle "EXT 2006"]
[Source "ChessBase"]
[SourceDate "2005.11.24"]
[SourceVersion "1"]
[SourceVersionDate "2005.11.24"]
[SourceQuality "1"]

1. Nf3 f5 2. c4 Nf6 3. g3 e6 4. Bg2 Be7 5. 0-0 0-0 6. Nc3 d6 7. d3 Qe8 8. e4 e5 9. exf5 Bxf5 10. d4 Nc6 11. h3 Qh5 12. dxe5 dxe5 13. Nh4 Qxd1 14. Rxd1 Bd7 15. Be3 Kh8 16. Rac1 Rac8 17. Nf3 Be6 18. Nd5 Bd8 19. a3 a6 20. b4 Re8 21. Kh2 Bg8 22. Ng5 e4 23. Nxf6 Bxf6 24. Rc2 Bxg5 25. Bxg5 h6 26. Bf4 Bh7 27. Rcd2 Kg8 28. Rd5 g5 29. Be3 Ne5 30. Bd4 Nxc4 31. h4 gxh4 32. Bh3 hxg3+ 33. Kxg3 Nd6 34. Rg1 Kf7 35. Bxc8 Rxc8 36. Kf4 Bg6 37. Rh1 Rf8 38. Re5 Kg8+ 39. Kg4 h5+ 40. Kg5 Be8 41. Rg1 Rf3 42. Re7 Rxa3 43. Rxc7 Bf7 44. Rd7 1-0

[Event "BEL-chT 0405"]
[Site "Belgium"]
[Date "2005.01.09"]
[Round "6"]
[White "Hisler, Thomas"]
[Black "Smits, Mark"]
[Result "0-1"]
[WhiteElo "2183"]
[BlackElo "2216"]
[PlyCount "64"]
[EventDate "2004.09.09"]
[EventType "team-tourn"]
[EventRounds "11"]
[EventCountry "BEL"]
[SourceTitle "EXT 2006"]
[Source "ChessBase"]
[SourceDate "2005.11.24"]
[SourceVersion "1"]
[SourceVersionDate "2005.11.24"]
[SourceQuality "1"]
[WhiteTeam "Liege Crelel"]
[BlackTeam "Borgerhout"]
[WhiteTeamCountry "BEL"]
[BlackTeamCountry "BEL"]

1. f4 e5 2. e4 Bc5 3. Nf3 d6 4. b4 Bb6 5. Bc4 Nf6 6. d3 0-0 7. fxe5 dxe5 8. Qe2 Nc6 9. c3 Qd6 10. Nbd2 Ne7 11. Bb3 Ng6 12. Nc4 Qe7 13. a4 c6 14. Nxb6 axb6 15. 0-0 Be6 16. Bc2 b5 17. Be3 Qc7 18. a5 Nh5 19. Qd2 f6 20. g3 Qd7 21. Qf2 Bh3 22. Rfe1 f5 23. Bc5 Rf6 24. exf5 Qxf5 25. Nd2 Qg4 26. Bb3+ Kh8 27. Qe2 Qf5 28. Ne4 Ngf4 29. gxf4 Rg6+ 30. Ng3 Nxg3 31. hxg3 Rxg3+ 32. Kh1 Bg4 0-1

[Event "Metz op 23rd"]
[Site "Metz"]
[Date "2005.??.??"]
[Round "6"]
[White "Hisler, Thomas"]
[Black "Louis, Andre"]
[Result "1-0"]
[WhiteElo "2198"]
[BlackElo "2011"]
[PlyCount "39"]
[EventDate "2005.04.16"]
[EventType "swiss"]
[EventRounds "9"]
[EventCountry "FRA"]
[SourceTitle "EXT 2007"]
[Source "ChessBase"]
[SourceDate "2006.11.23"]
[SourceVersion "1"]
[SourceVersionDate "2006.11.23"]
[SourceQuality "1"]

1. e4 g6 2. d4 d6 3. Nc3 Bg7 4. Be3 a6 5. Qd2 b5 6. Bd3 Bb7 7. h4 h6 8. f4 Nf6 9. e5 Ng4 10. Nf3 Nxe3 11. Qxe3 e6 12. h5 g5 13. 0-0-0 d5 14. f5 Nd7 15. fxe6 fxe6 16. Bg6+ Ke7 17. Nxg5 Nf8 18. Nf7 Qd7 19. Nxh8 Bxh8 20. Qxh6 1-0

[Event "BEL-chT 0405"]
[Site "Belgium"]
[Date "2004.12.05"]
[Round "5"]
[White "Israel, Gregory"]
[Black "Hisler, Thomas"]
[Result "0-1"]
[WhiteElo "2149"]
[BlackElo "2183"]
[PlyCount "56"]
[EventDate "2004.09.09"]
[EventType "team-tourn"]
[EventRounds "11"]
[EventCountry "BEL"]
[SourceTitle "EXT 2006"]
[Source "ChessBase"]
[SourceDate "2005.11.24"]
[SourceVersion "1"]
[SourceVersionDate "2005.11.24"]
[SourceQuality "1"]
[WhiteTeam "Charleroi CREC"]
[BlackTeam "Liege Crelel"]
[WhiteTeamCountry "BEL"]
[BlackTeamCountry "BEL"]

1. d4 f5 2. Bg5 h6 3. Bh4 g5 4. e3 Bg7 5. Bg3 Nf6 6. Bd3 e6 7. h4 g4 8. Nc3 Nc6 9. d5 Nb4 10. dxe6 dxe6 11. Bb5+ Ke7 12. Qe2 c6 13. Bc4 Nfd5 14. Nd1 b5 15. Bb3 Nf6 16. Be5 a5 17. a3 Nbd5 18. c4 a4 19. cxd5 axb3 20. d6+ Kf7 21. Rc1 Ne4 22. Bxg7 Kxg7 23. Nc3 Nxd6 24. e4 Ba6 25. Qd1 Nc4 26. Qxd8 Rhxd8 27. Nd1 Ne5 28. Ke2 f4 0-1

[Event "FRA-chT2 0304"]
[Site "France"]
[Date "2004.04.04"]
[Round "11"]
[White "Hisler, Thomas"]
[Black "Huang, Hao"]
[Result "1/2-1/2"]
[WhiteElo "2189"]
[BlackElo "2120"]
[PlyCount "58"]
[EventDate "2003.10.??"]
[EventType "team"]
[EventRounds "11"]
[EventCountry "FRA"]
[SourceTitle "EXT 2005"]
[Source "ChessBase"]
[SourceDate "2004.11.15"]
[SourceVersion "1"]
[SourceVersionDate "2004.11.15"]
[SourceQuality "1"]

1. e4 e6 2. d4 d5 3. Nc3 Nf6 4. Bg5 dxe4 5. Nxe4 Be7 6. Bxf6 Bxf6 7. Nf3 Nd7 8. Qd2 b6 9. Bd3 Bb7 10. 0-0-0 0-0 11. Qf4 Be7 12. h4 Nf6 13. Neg5 h6 14. Kb1 Qd6 15. Ne5 c5 16. dxc5 Qxc5 17. Ngf3 Bd6 18. Rde1 Rac8 19. Re2 Nd7 20. Nxd7 Bxf4 21. Nxc5 Bxf3 22. gxf3 Rxc5 23. Re4 e5 24. Rd1 Rc7 25. Bb5 Rfc8 26. c3 Kf8 27. a4 f5 28. Ree1 Ke7 29. Kc2 Rd8 1/2-1/2

[Event "FRA-chT2 0304"]
[Site "France"]
[Date "2004.03.14"]
[Round "9"]
[White "Lamberthod, Gael"]
[Black "Hisler, Thomas"]
[Result "1/2-1/2"]
[WhiteElo "2040"]
[BlackElo "2189"]
[PlyCount "93"]
[EventDate "2003.10.??"]
[EventType "team"]
[EventRounds "11"]
[EventCountry "FRA"]
[SourceTitle "EXT 2005"]
[Source "ChessBase"]
[SourceDate "2004.11.15"]
[SourceVersion "1"]
[SourceVersionDate "2004.11.15"]
[SourceQuality "1"]

1. c4 f5 2. Nf3 Nf6 3. Nc3 e6 4. g3 Be7 5. Bg2 0-0 6. 0-0 d6 7. d4 Ne4 8. Qc2 Nxc3 9. Qxc3 a5 10. Rd1 Bf6 11. Qc2 Qe8 12. e4 e5 13. dxe5 dxe5 14. exf5 Qh5 15. Be3 Nc6 16. Qc1 Bxf5 17. Ne1 Kh8 18. Nc2 Qg6 19. Ne1 Nd4 20. Bxd4 exd4 21. Qd2 c6 22. Nd3 Rfe8 23. Nf4 Qf7 24. Rac1 a4 25. Nd3 h6 26. a3 Bg5 27. f4 Bf6 28. Ne5 Bxe5 29. fxe5 Rxe5 30. Qxd4 Rae8 31. Rf1 Qg6 32. Rc3 Be4 33. Bxe4 Rxe4 34. Qd3 Qh5 35. Rf2 Qc5 36. Kg2 Re3 37. Qd2 R3e4 38. Qd3 Rd4 39. Qf1 b5 40. cxb5 Qd5+ 41. Rcf3 cxb5 42. Qc1 Rf8 43. Qe3 Rd1 44. Kh3 Qh5+ 45. Kg2 Qd5 46. Kh3 Qh5+ 47. Kg2 1/2-1/2

[Event "FRA-chT2 0304"]
[Site "France"]
[Date "2004.03.13"]
[Round "8"]
[White "Hisler, Thomas"]
[Black "Oudot, Jean Baptiste"]
[Result "0-1"]
[WhiteElo "2189"]
[BlackElo "2092"]
[PlyCount "102"]
[EventDate "2003.10.??"]
[EventType "team"]
[EventRounds "11"]
[EventCountry "FRA"]
[SourceTitle "EXT 2005"]
[Source "ChessBase"]
[SourceDate "2004.11.15"]
[SourceVersion "1"]
[SourceVersionDate "2004.11.15"]
[SourceQuality "1"]

1. e4 c5 2. Nc3 Nc6 3. g3 g6 4. Bg2 Bg7 5. d3 e6 6. Be3 d6 7. Qd2 Rb8 8. Nf3 Nd4 9. Bxd4 cxd4 10. Nb5 a6 11. Nbxd4 Ne7 12. 0-0 0-0 13. c3 e5 14. Nc2 f5 15. Qe2 Be6 16. d4 Rc8 17. d5 Bd7 18. Nd2 f4 19. Ne1 g5 20. Bf3 Bh3 21. Ng2 Qd7 22. Bh5 Rf6 23. f3 fxg3 24. hxg3 Rh6 25. Bg4 Bxg4 26. fxg4 Rh3 27. Ne3 Rxg3+ 28. Kh2 Rxe3 29. Qxe3 Qxg4 30. Qf3 Qh4+ 31. Qh3 Qxh3+ 32. Kxh3 h5 33. Rg1 Bh6 34. Nf3 g4+ 35. Kh4 Kh7 36. Ng5+ Kg6 37. Ne6 Rc4 38. Rae1 Rxe4 39. Kg3 h4+ 40. Kf2 Rxe1 41. Rxe1 Nxd5 42. Rd1 Nf6 43. Kf1 Ne4 44. Re1 Kf5 45. Nd8 b6 46. Nc6 Nd2+ 47. Ke2 g3 48. Ne7+ Kg4 49. Nd5 Bg5 50. b4 Nf3 51. Rd1 h3 0-1

[Event "FRA-chT2 0304"]
[Site "France"]
[Date "2004.01.17"]
[Round "5"]
[White "Hisler, Thomas"]
[Black "Larrat, Philippe"]
[Result "1-0"]
[WhiteElo "2189"]
[BlackElo "2189"]
[PlyCount "68"]
[EventDate "2003.10.??"]
[EventType "team"]
[EventRounds "11"]
[EventCountry "FRA"]
[SourceTitle "EXT 2005"]
[Source "ChessBase"]
[SourceDate "2004.11.15"]
[SourceVersion "1"]
[SourceVersionDate "2004.11.15"]
[SourceQuality "1"]

1. e4 c5 2. Nc3 Nc6 3. g3 g6 4. Bg2 Bg7 5. d3 d6 6. Be3 e5 7. Qd2 Nd4 8. Nd5 Be6 9. h4 Bxd5 10. exd5 Nf5 11. Ne2 Nge7 12. h5 Nxe3 13. fxe3 Bh6 14. g4 Nc8 15. Nc3 Qg5 16. Ne4 Qxe3+ 17. Qxe3 Bxe3 18. g5 Ke7 19. Ke2 Bf4 20. hxg6 fxg6 21. Rh4 Nb6 22. c4 h5 23. gxh6 Rxh6 24. Rxh6 Bxh6 25. Rh1 Rh8 26. Ng5 Na4 27. Ne6 b5 28. cxb5 Nxb2 29. Rh4 Bg7 30. Rg4 Kf6 31. Kd2 Bh6+ 32. Kc2 Bf4 33. Kxb2 Kf5 34. Bf3 Rh3 1-0